[Event "Belgrade-chT"]
[Site "Belgrade"]
[Date "2009.10.11"]
[Round "8"]
[White "Brkljaca, Ante"]
[Black "Velimirovic, Dragoljub"]
[Result "0-1"]
[WhiteElo "2368"]
[BlackElo "2438"]
[PlyCount "72"]
[EventDate "2009.10.04"]
[EventType "tourn ()"]
[EventRounds "9"]
[EventCountry "YUG"]
[Source "ChessBase"]
[SourceDate "2009.11.03"]
[WhiteTeamCountry "YUG"]
[BlackTeamCountry "URS"]

1. d4 Nf6 2. Nf3 g6 3. c3 Bg7 4. Bf4 O-O 5. e3 d6 6. h3 Nc6 7. Be2 Qe8 8. O-O
e5 9. Bh2 e4 10. Ne1 h5 11. Nc2 Bf5 12. Nd2 Qd7 13. b4 h4 14. c4 Rae8 15. Rb1
Bh6 16. c5 d5 17. b5 Nd8 18. c6 bxc6 19. Nb3 cxb5 20. Nc5 Qe7 21. Rxb5 c6 22.
Ra5 Nh7 23. Nb4 Ng5 24. Kh1 Nge6 25. Qa4 Nxc5 26. Rxc5 Bd7 27. Qxa7 f5 28. Bc7
Ne6 29. Nxc6 Bxc6 30. Rxc6 Rf7 31. Re1 Rc8 32. Bb6 Rxc6 33. Qa8+ Kh7 34. Qxc6
f4 35. Qc8 fxe3 36. fxe3 Qb4 0-1

[Event "Belgrade-chT"]
[Site "Belgrade"]
[Date "2009.10.12"]
[Round "9"]
[White "Velimirovic, Dragoljub"]
[Black "Galiot, Goran"]
[Result "1/2-1/2"]
[WhiteElo "2438"]
[BlackElo "2396"]
[PlyCount "79"]
[EventDate "2009.10.04"]
[EventType "tourn ()"]
[EventRounds "9"]
[EventCountry "YUG"]
[Source "ChessBase"]
[SourceDate "2009.11.03"]
[WhiteTeamCountry "YUG"]
[BlackTeamCountry "URS"]

1. e4 c5 2. Nf3 Nc6 3. d4 cxd4 4. Nxd4 Nf6 5. Nc3 e6 6. Be2 Bb4 7. O-O O-O 8.
Nxc6 dxc6 9. e5 Qxd1 10. Rxd1 Nd7 11. f4 f6 12. Bg4 Re8 13. Bh5 g6 14. Be2 Bxc3
15. bxc3 fxe5 16. Rb1 exf4 17. Bxf4 e5 18. Bh6 Nc5 19. Bc4+ Be6 20. Bxe6+ Rxe6
21. Be3 b6 22. Bxc5 bxc5 23. Rb7 e4 24. Rdd7 h5 25. Kf2 e3+ 26. Ke2 a5 27. a4
Rae8 28. Rg7+ Kh8 29. Ra7 Rf6 30. Rgf7 Rxf7 31. Rxf7 Re4 32. Rf6 Rxa4 33. Kxe3
Rg4 34. g3 h4 35. gxh4 a4 36. Rxc6 a3 37. Ra6 Rxh4 38. Rxg6 Rh3+ 39. Ke4 Rxc3
40. Ra6 1/2-1/2

[Event "Marianske Lazne Czech Coal m"]
[Site "Marianske Lazne"]
[Date "2010.11.20"]
[Round "1"]
[White "Cmilyte, Viktorija"]
[Black "Velimirovic, Dragoljub"]
[Result "1-0"]
[WhiteElo "2514"]
[BlackElo "2425"]
[PlyCount "111"]
[EventDate "2010.11.20"]
[EventType "schev"]
[EventRounds "8"]
[EventCountry "CZE"]
[Source "ChessBase"]
[SourceDate "2011.01.05"]
[WhiteTeam "Snowdrops"]
[BlackTeam "Veterans"]

1. d4 Nf6 2. c4 c5 3. d5 d6 4. Nc3 g6 5. g3 e6 6. Bg2 exd5 7. cxd5 Bg7 8. Nf3
O-O 9. O-O a6 10. a4 Re8 11. Nd2 Nbd7 12. h3 Rb8 13. Nc4 Ne5 14. Na3 Qc7 15. e4
c4 16. Be3 b6 17. Qe2 Bd7 18. Nc2 Nd3 19. Nd4 b5 20. axb5 axb5 21. Nc6 b4 22.
Ra7 Qc8 23. Nxb8 Qxb8 24. Rfa1 bxc3 25. bxc3 Qc8 26. Bd4 Bxh3 27. Ra8 Qxa8 28.
Rxa8 Rxa8 29. Bxh3 Re8 30. Bg2 Nxd5 31. Bxg7 Kxg7 32. Qa2 Nf6 33. Qxc4 Nc5 34.
f3 g5 35. Qd4 Ne6 36. Qxd6 Rd8 37. Qe5 Rc8 38. Qa5 h5 39. Bf1 g4 40. e5 Nh7 41.
f4 h4 42. gxh4 Nxf4 43. Qb4 Ng6 44. Qxg4 Rc5 45. Bd3 Rxe5 46. Qd4 Nf6 47. Bxg6
Rd5 48. Qe3 Kxg6 49. c4 Rh5 50. Qg3+ Kh7 51. Qf4 Kg6 52. Qd4 Rf5 53. c5 Nd5 54.
c6 Nf4 55. Qd6+ Rf6 56. Qxf6+ 1-0

[Event "Marianske Lazne Czech Coal m"]
[Site "Marianske Lazne"]
[Date "2010.11.21"]
[Round "2"]
[White "Velimirovic, Dragoljub"]
[Black "Olsarova, Tereza"]
[Result "1-0"]
[WhiteElo "2425"]
[BlackElo "2185"]
[PlyCount "73"]
[EventDate "2010.11.20"]
[EventType "schev"]
[EventRounds "8"]
[EventCountry "CZE"]
[Source "ChessBase"]
[SourceDate "2011.01.05"]
[WhiteTeam "Veterans"]
[BlackTeam "Snowdrops"]

1. e4 e5 2. Nf3 Nc6 3. d4 exd4 4. c3 d5 5. exd5 Qxd5 6. cxd4 Bg4 7. Be2 Bb4+ 8.
Nc3 Bxf3 9. Bxf3 Qc4 10. Bxc6+ bxc6 11. Qe2+ Qxe2+ 12. Kxe2 O-O-O 13. Rd1 Nf6
14. Bg5 Bxc3 15. bxc3 Ne4 16. Bd2 Rhe8 17. Kf1 Nxd2+ 18. Rxd2 c5 19. d5 Re4 20.
Re1 Rxe1+ 21. Kxe1 c6 22. dxc6 Rxd2 23. Kxd2 Kc7 24. Kd3 Kxc6 25. Ke4 Kb5 26.
Kd5 a5 27. h4 f5 28. g3 g6 29. f3 Ka4 30. Kxc5 Ka3 31. c4 Kxa2 32. Kd5 a4 33.
c5 a3 34. c6 Kb3 35. c7 a2 36. c8=Q a1=Q 37. Qc4+ 1-0

[Event "Marianske Lazne Czech Coal m"]
[Site "Marianske Lazne"]
[Date "2010.11.22"]
[Round "3"]
[White "Caoili, Arianne"]
[Black "Velimirovic, Dragoljub"]
[Result "1-0"]
[WhiteElo "2242"]
[BlackElo "2425"]
[PlyCount "89"]
[EventDate "2010.11.20"]
[EventType "schev"]
[EventRounds "8"]
[EventCountry "CZE"]
[Source "ChessBase"]
[SourceDate "2011.01.05"]
[WhiteTeam "Snowdrops"]
[BlackTeam "Veterans"]

1. d4 Nf6 2. Nf3 g6 3. Bf4 d6 4. h3 Bg7 5. e3 O-O 6. Be2 b6 7. O-O Bb7 8. Bh2
Nbd7 9. Nbd2 Qe8 10. Rc1 e5 11. c4 e4 12. Ne1 Qe7 13. b4 c5 14. Nc2 Rad8 15.
Nb1 cxd4 16. Nxd4 Ne5 17. Nc3 Rd7 18. Qa4 a6 19. Qb3 Rc7 20. Na4 Nfd7 21. Rfd1
Rfc8 22. Rc2 Nd3 23. Bg4 N3e5 24. Be2 h5 25. Nb2 Nc5 26. bxc5 bxc5 27. Qa3 cxd4
28. exd4 Nf3+ 29. gxf3 Qg5+ 30. Kh1 Qh4 31. d5 Qxh3 32. Qe3 Re7 33. fxe4 Qxe3
34. fxe3 Rxe4 35. Bxd6 Rxe3 36. c5 Rce8 37. c6 Bc8 38. Bf1 Bf5 39. Rf2 Bg4 40.
Rd3 Rxd3 41. Nxd3 Rd8 42. Ne5 Bxe5 43. Bxe5 Rxd5 44. Bf6 Rc5 45. Rd2 1-0

[Event "Marianske Lazne Czech Coal m"]
[Site "Marianske Lazne"]
[Date "2010.11.24"]
[Round "5"]
[White "Velimirovic, Dragoljub"]
[Black "Cmilyte, Viktorija"]
[Result "1-0"]
[WhiteElo "2425"]
[BlackElo "2514"]
[PlyCount "79"]
[EventDate "2010.11.20"]
[EventType "schev"]
[EventRounds "8"]
[EventCountry "CZE"]
[Source "ChessBase"]
[SourceDate "2011.01.05"]
[WhiteTeam "Veterans"]
[BlackTeam "Snowdrops"]

1. e4 Nf6 2. e5 Nd5 3. c4 Nb6 4. d4 d6 5. f4 dxe5 6. fxe5 Nc6 7. Be3 Bf5 8. Nc3
e6 9. Nf3 Be7 10. d5 exd5 11. Bxb6 axb6 12. cxd5 Nb4 13. Nd4 Bg6 14. d6 Bh4+
15. g3 Qg5 16. d7+ Kd8 17. Kf2 Qxe5 18. gxh4 Nd3+ 19. Bxd3 Qxd4+ 20. Kg2 Bxd3
21. Re1 h5 22. Kh1 Qd6 23. Qd2 Bc4 24. Qg2 Qc6 25. Ne4 Bd5 26. Rad1 Bxe4 27.
Rxe4 Ra4 28. b4 b5 29. Qg5+ Qf6 30. Qd5 Qc6 31. Qe5 Qe6 32. Qd4 Qd6 33. Qg1 Qc6
34. Qg5+ Qf6 35. Qe3 Qc6 36. Kg1 Qg6+ 37. Kf1 Qf5+ 38. Ke1 Qxe4 39. Qxe4 Ra6
40. Qxb7 1-0

[Event "Marianske Lazne Czech Coal m"]
[Site "Marianske Lazne"]
[Date "2010.11.25"]
[Round "6"]
[White "Olsarova, Tereza"]
[Black "Velimirovic, Dragoljub"]
[Result "0-1"]
[WhiteElo "2185"]
[BlackElo "2425"]
[PlyCount "88"]
[EventDate "2010.11.20"]
[EventType "schev"]
[EventRounds "8"]
[EventCountry "CZE"]
[Source "ChessBase"]
[SourceDate "2011.01.05"]
[WhiteTeam "Snowdrops"]
[BlackTeam "Veterans"]

1. e4 c5 2. Nf3 Nc6 3. d4 cxd4 4. Nxd4 Nf6 5. Nc3 d6 6. h3 g6 7. g4 Bg7 8. Be3
O-O 9. Bg2 h5 10. gxh5 Nxh5 11. Nde2 Ne5 12. O-O Bd7 13. Kh2 b5 14. a3 a5 15.
Bd4 Rc8 16. Nd5 Bc6 17. Ng3 Nxg3 18. fxg3 Bxd5 19. exd5 Rc4 20. c3 Qd7 21. b3
Rcc8 22. a4 b4 23. c4 Bf6 24. Ra2 Kg7 25. Raf2 Rh8 26. Bxe5 dxe5 27. d6 Rhd8
28. dxe7 Qxd1 29. e8=N+ Kf8 30. Rxd1 Rxd1 31. Nxf6 Rb1 32. c5 Rxb3 33. Bd5 Rd3
34. Bb7 Rxc5 35. Be4 Rd6 36. Bxg6 Rxf6 37. Rxf6 Kg7 38. Ra6 fxg6 39. h4 e4 40.
g4 Rc4 41. Rxa5 e3 42. Re5 Rc2+ 43. Kg3 e2 44. a5 b3 0-1

[Event "Marianske Lazne Czech Coal m"]
[Site "Marianske Lazne"]
[Date "2010.11.26"]
[Round "7"]
[White "Velimirovic, Dragoljub"]
[Black "Caoili, Arianne"]
[Result "1/2-1/2"]
[WhiteElo "2425"]
[BlackElo "2242"]
[PlyCount "60"]
[EventDate "2010.11.20"]
[EventType "schev"]
[EventRounds "8"]
[EventCountry "CZE"]
[Source "ChessBase"]
[SourceDate "2011.01.05"]
[WhiteTeam "Veterans"]
[BlackTeam "Snowdrops"]

1. e4 e5 2. d4 exd4 3. c3 d5 4. exd5 Qxd5 5. Nf3 Nc6 6. Be2 Bf5 7. cxd4 Bxb1 8.
Rxb1 Bb4+ 9. Bd2 Bxd2+ 10. Qxd2 Nge7 11. Rc1 O-O-O 12. O-O Nxd4 13. Nxd4 Qxd4
14. Qg5 Nc6 15. Qf5+ Qd7 16. Qf4 Nd4 17. Bc4 Kb8 18. Rfd1 Rhe8 19. Bb5 Ne2+ 20.
Bxe2 Qxd1+ 21. Rxd1 Rxd1+ 22. Bf1 Ree1 23. g3 Rxf1+ 24. Kg2 Rg1+ 25. Kh3 Rd6
26. Qxf7 Rh6+ 27. Kg4 Rg6+ 28. Kh5 Rh6+ 29. Kg4 Rg6+ 30. Kh3 Rh6+ 1/2-1/2

[Event "Belgrade tt Cup"]
[Site "Belgrade"]
[Date "2011.04.14"]
[Round "2"]
[White "Hrzic, Ivan"]
[Black "Velimirovic, Dragoljub"]
[Result "1-0"]
[WhiteElo "2302"]
[BlackElo "2421"]
[PlyCount "115"]
[EventDate "2011.04.13"]
[EventType "tourn ()"]
[EventRounds "5"]
[EventCountry "SER"]
[Source "ChessBase"]
[SourceDate "2011.05.03"]

1. e4 c5 2. c3 e6 3. d4 d5 4. e5 Nc6 5. Nf3 Qb6 6. Bd3 Bd7 7. dxc5 Bxc5 8. O-O
a5 9. Nbd2 Qc7 10. Nb3 Bb6 11. Bf4 Nge7 12. Bg3 a4 13. Nbd2 Ng6 14. Rc1 Rc8 15.
Bc2 a3 16. b4 Nce7 17. c4 dxc4 18. Bxg6 hxg6 19. Nxc4 Qxc4 20. Rxc4 Rxc4 21.
Ng5 Nd5 22. h4 Bb5 23. Qf3 O-O 24. h5 Rc3 25. Qg4 gxh5 26. Qxh5 Bd3 27. Kh2 Bg6
28. Qg4 Bf5 29. Qd1 Rfc8 30. Rh1 R8c4 31. Qa4 Rc8 32. Qd7 R3c7 33. Qb5 Rc6 34.
Qa4 Bd8 35. Nf3 Bb6 36. Qxa3 Rc4 37. Re1 Nxb4 38. Rd1 Nd5 39. Qd6 R4c6 40. Qd7
Nc3 41. Rc1 R6c7 42. Qd2 Bg6 43. Bh4 Rc4 44. Qb2 R8c6 45. Bg5 Na4 46. Qa3 Bxf2
47. Rxc4 Rxc4 48. Qb3 Rg4 49. Qxb7 Bg3+ 50. Kg1 Be4 51. Qc8+ Kh7 52. Nd2 Bf5
53. Nf3 Be4 54. Be3 Kg6 55. Bf2 Bxf2+ 56. Kxf2 Nb6 57. Qh8 Bxf3 58. Kxf3 1-0

[Event "Belgrade tt Cup"]
[Site "Belgrade"]
[Date "2011.04.15"]
[Round "3"]
[White "Velimirovic, Dragoljub"]
[Black "Popovic, Aleksandar M"]
[Result "1/2-1/2"]
[WhiteElo "2421"]
[BlackElo "2313"]
[PlyCount "55"]
[EventDate "2011.04.13"]
[EventType "tourn ()"]
[EventRounds "5"]
[EventCountry "SER"]
[Source "ChessBase"]
[SourceDate "2011.05.03"]

1. e4 e5 2. d4 exd4 3. Nf3 d6 4. Qxd4 Nf6 5. Nc3 Be7 6. Bg5 O-O 7. O-O-O Be6 8.
Qd2 c5 9. e5 dxe5 10. Nxe5 Nfd7 11. Nxd7 Nxd7 12. h4 Nf6 13. Qxd8 Rfxd8 14. Be2
h6 15. Bf4 Nd5 16. Nxd5 Bxd5 17. Bc7 Rd7 18. Bg4 Rxc7 19. Rxd5 c4 20. c3 Rb8
21. g3 b5 22. Re1 a5 23. h5 b4 24. Bf5 bxc3 25. bxc3 Ba3+ 26. Kd2 Re7 27. Re4
Rb2+ 28. Ke1 1/2-1/2

[Event "Belgrade tt Cup"]
[Site "Belgrade"]
[Date "2011.04.16"]
[Round "4"]
[White "Carnic, Srdjan"]
[Black "Velimirovic, Dragoljub"]
[Result "1/2-1/2"]
[WhiteElo "2338"]
[BlackElo "2421"]
[PlyCount "81"]
[EventDate "2011.04.13"]
[EventType "tourn ()"]
[EventRounds "5"]
[EventCountry "SER"]
[Source "ChessBase"]
[SourceDate "2011.05.03"]

1. e4 c5 2. Nf3 Nc6 3. d4 cxd4 4. Nxd4 g6 5. Nc3 Bg7 6. Be3 Nf6 7. Bc4 O-O 8.
Bb3 d6 9. h3 Bd7 10. O-O Nh5 11. Nf5 Bxf5 12. exf5 Nf6 13. Qf3 Na5 14. Rad1 b6
15. Rfe1 Nxb3 16. axb3 Qd7 17. Bd4 Rae8 18. Nd5 Nxd5 19. Bxg7 Kxg7 20. Rxd5 Kg8
21. Qd3 Rc8 22. c4 Rc5 23. fxg6 hxg6 24. Qe4 e6 25. Rd2 d5 26. Qf4 Rd8 27. Red1
a5 28. h4 Qe7 29. cxd5 Rdxd5 30. Rxd5 Rxd5 31. Rxd5 exd5 32. h5 gxh5 33. Qb8+
Kh7 34. Qxb6 Qe1+ 35. Kh2 Qe5+ 36. g3 d4 37. Qd8 Kg7 38. Kg1 Qe1+ 39. Kg2 Qe4+
40. Kf1 f6 41. Qxa5 1/2-1/2

[Event "Belgrade tt Cup"]
[Site "Belgrade"]
[Date "2011.04.17"]
[Round "5"]
[White "Velimirovic, Dragoljub"]
[Black "Radivojevic, Milan R"]
[Result "1/2-1/2"]
[WhiteElo "2421"]
[BlackElo "2288"]
[PlyCount "74"]
[EventDate "2011.04.13"]
[EventType "tourn ()"]
[EventRounds "5"]
[EventCountry "SER"]
[Source "ChessBase"]
[SourceDate "2011.05.03"]

1. e4 c6 2. d4 d5 3. exd5 cxd5 4. c4 Nf6 5. Nc3 e6 6. Nf3 Nc6 7. cxd5 Nxd5 8.
Bd3 Be7 9. O-O O-O 10. Re1 Nf6 11. a3 b6 12. Bc2 Bb7 13. Qd3 Rc8 14. Bg5 g6 15.
Rad1 Nd5 16. Bh6 Nxc3 17. bxc3 Re8 18. Ba4 Bf6 19. c4 Re7 20. Qe3 Na5 21. Qf4
Rec7 22. Ne5 Bc6 23. Bb5 Bxb5 24. cxb5 Bg7 25. Bxg7 Kxg7 26. Ng4 Nc4 27. d5 e5
28. Nxe5 Nxe5 29. Qxe5+ Qf6 30. f4 h5 31. h3 Rd7 32. g4 hxg4 33. hxg4 Rc5 34.
g5 Qxe5 35. Rxe5 f6 36. gxf6+ Kxf6 37. Kf2 Rxb5 1/2-1/2

[Event "SRB-Cup"]
[Site "Valjevo"]
[Date "2011.05.18"]
[Round "3.2"]
[White "Jevtic, Sasa"]
[Black "Velimirovic, Dragoljub"]
[Result "0-1"]
[WhiteElo "2321"]
[BlackElo "2410"]
[PlyCount "128"]
[EventDate "2011.05.16"]
[EventType "swiss ()"]
[EventRounds "7"]
[EventCountry "YUG"]
[Source "ChessBase"]
[SourceDate "2011.06.27"]
[WhiteTeam "Paracin OSK"]
[BlackTeam "Belgrade Itaka"]
[WhiteTeamCountry "SER"]
[BlackTeamCountry "SER"]

1. d4 c5 2. c3 e6 3. Nf3 Nf6 4. g3 b6 5. Bg2 Bb7 6. O-O Be7 7. Ne5 Bxg2 8. Kxg2
O-O 9. Bg5 h6 10. Bxf6 Bxf6 11. Ng4 Be7 12. d5 d6 13. Ne3 Qc8 14. Qd3 Nd7 15.
f4 Qb7 16. a4 Rfe8 17. Kg1 Bf6 18. Na3 exd5 19. Nb5 Rxe3 20. Qxe3 Qc6 21. Qf3
a6 22. Na3 Re8 23. Rad1 Re4 24. b3 c4 25. b4 d4 26. b5 axb5 27. axb5 Qa8 28.
Nxc4 d5 29. Nd2 Re3 30. Qg4 Nc5 31. cxd4 Bxd4 32. Nf3 Rxf3+ 33. Rxd4 Rxf1+ 34.
Kxf1 Qa1+ 35. Kg2 Qxd4 36. Qc8+ Kh7 37. Qf5+ g6 38. Qxf7+ Qg7 39. Qxd5 Qe7 40.
Kf3 Qb7 41. Qc6 Kg7 42. e4 Kf7 43. Ke3 Qd7 44. Qxb6 Qd3+ 45. Kf2 Nxe4+ 46. Kg2
Qd5 47. Kh3 Qd7+ 48. Kg2 Nd6 49. Qc6 Ke7 50. Qc3 Qb7+ 51. Kh3 Qxb5 52. Qg7+ Nf7
53. Qxg6 Qf1+ 54. Kh4 Qe2 55. h3 Kf8 56. Qf6 Qd3 57. g4 Kg8 58. g5 h5 59. g6
Nd6 60. Kxh5 Qxh3+ 61. Qh4 Qe6 62. Qg4 Qd5+ 63. Kh6 Nf5+ 64. Kg5 Ne3+ 0-1

[Event "SRB-Cup"]
[Site "Valjevo"]
[Date "2011.05.19"]
[Round "4.2"]
[White "Solak, Dragan"]
[Black "Velimirovic, Dragoljub"]
[Result "1/2-1/2"]
[WhiteElo "2588"]
[BlackElo "2410"]
[PlyCount "189"]
[EventDate "2011.05.16"]
[EventType "swiss ()"]
[EventRounds "7"]
[EventCountry "YUG"]
[Source "ChessBase"]
[SourceDate "2011.06.27"]
[WhiteTeam "Novi Sad NSK"]
[BlackTeam "Belgrade Itaka"]
[WhiteTeamCountry "SER"]
[BlackTeamCountry "SER"]

1. e4 c5 2. Nc3 Nc6 3. Nf3 g6 4. Bb5 Bg7 5. O-O Nd4 6. Ba4 e6 7. Nxd4 cxd4 8.
Nb5 Qb6 9. c3 d3 10. Qf3 a6 11. Na3 Qc7 12. Qxd3 b5 13. Bb3 Nf6 14. Qe2 Bb7 15.
d3 O-O 16. Nc2 d5 17. f3 Nh5 18. Be3 Rad8 19. exd5 Bxd5 20. Bxd5 Rxd5 21. d4 a5
22. a4 Rb8 23. Na3 bxa4 24. c4 Rxd4 25. Nb5 Rxb5 26. cxb5 Nf4 27. Bxf4 Rxf4 28.
Rac1 Qb6+ 29. Kh1 Bf6 30. Rc6 Qb7 31. Ra6 Rb4 32. Rxa5 Qd5 33. Qc2 Kg7 34. Rxa4
Qxb5 35. Raa1 Rxb2 36. Qe4 Re2 37. Rab1 Bb2 38. Qh4 Qd3 39. Rbd1 Qc2 40. Qg3 h5
41. f4 Bf6 42. Rc1 Qb2 43. Rce1 Rc2 44. Rb1 Qd4 45. Rbd1 Qc5 46. Qf3 h4 47. Rd7
Qc4 48. Rfd1 h3 49. Qxh3 Qxf4 50. Qxe6 Bd4 51. Qd5 Bb6 52. h3 Rf2 53. Qd3 Kh7
54. Qd5 Rf1+ 55. Rxf1 Qxf1+ 56. Kh2 Bg1+ 57. Kg3 Qf2+ 58. Kg4 Qe2+ 59. Kh4 Qf2+
60. g3 Qf6+ 61. Kg4 Kg7 62. h4 Bb6 63. Rd6 Qb2 64. Kh3 Bg1 65. Qd2 Qe5 66. Kg2
Bc5 67. Rd3 Qe4+ 68. Rf3 Bd4 69. Qa2 Bf6 70. Qf2 Qd5 71. Qe2 Be5 72. Qd3 Qb7
73. Kh3 Qc8+ 74. Kh2 Qg4 75. Kg2 Qe6 76. Rf2 Bf6 77. Qf3 Bd4 78. Re2 Qb6 79.
Rd2 Bf6 80. Rf2 Qe6 81. Re2 Qc4 82. Qe4 Qc3 83. Rc2 Qa1 84. Rf2 Bd4 85. Rf1
Qb2+ 86. Kh3 Bf6 87. Qf4 Qb6 88. Kh2 Qe6 89. Qf3 Qe5 90. Rf2 Qe6 91. h5 gxh5
92. Qxh5 Qc4 93. Rf4 Qc2+ 94. Kh3 Qc1 95. Qg4+ 1/2-1/2

[Event "SRB-Cup"]
[Site "Valjevo"]
[Date "2011.05.20"]
[Round "5.2"]
[White "Velimirovic, Dragoljub"]
[Black "Maksimovic, Branimir"]
[Result "0-1"]
[WhiteElo "2410"]
[BlackElo "2440"]
[PlyCount "104"]
[EventDate "2011.05.16"]
[EventType "swiss ()"]
[EventRounds "7"]
[EventCountry "YUG"]
[Source "ChessBase"]
[SourceDate "2011.06.27"]
[WhiteTeam "Belgrade Itaka"]
[BlackTeam "Nis"]
[WhiteTeamCountry "SER"]
[BlackTeamCountry "SER"]

1. e4 e6 2. d4 d5 3. Nc3 Nf6 4. e5 Nfd7 5. f4 c5 6. Nf3 Nc6 7. Be3 Be7 8. Qd2
O-O 9. dxc5 Bxc5 10. Bxc5 Nxc5 11. Bd3 f6 12. O-O Qb6 13. Kh1 Qxb2 14. exf6
Rxf6 15. Rab1 Qa3 16. Ne5 Nxe5 17. fxe5 Rxf1+ 18. Rxf1 Nxd3 19. Qxd3 Bd7 20.
Nxd5 Qxd3 21. Ne7+ Kh8 22. cxd3 Bb5 23. Rb1 Bxd3 24. Rxb7 h6 25. h4 a5 26. Kh2
a4 27. a3 Ra5 28. Rd7 Be4 29. Kg3 Rc5 30. Rd4 Bc2 31. Kf4 Kh7 32. h5 Rc7 33.
Rd2 Rc4+ 34. Ke3 Rc3+ 35. Ke2 Bb1 36. Rb2 Rb3 37. Rxb3 axb3 38. Kd2 Be4 39. Kc3
Bxg2 40. Ng6 Bd5 41. a4 Bc4 42. Nf4 Kg8 43. a5 Kf7 44. Nd3 Bb5 45. Nc5 g6 46.
Nb7 Kg8 47. Nc5 gxh5 48. Nxe6 h4 49. Nf4 Bc4 50. Kb2 Bf1 51. Kxb3 h3 52. a6 h2
0-1

[Event "SRB-Cup"]
[Site "Valjevo"]
[Date "2011.05.21"]
[Round "6.2"]
[White "Irizanin, Radoje"]
[Black "Velimirovic, Dragoljub"]
[Result "1/2-1/2"]
[WhiteElo "2324"]
[BlackElo "2410"]
[PlyCount "103"]
[EventDate "2011.05.16"]
[EventType "swiss ()"]
[EventRounds "7"]
[EventCountry "YUG"]
[Source "ChessBase"]
[SourceDate "2011.06.27"]
[WhiteTeam "Cacak Borac"]
[BlackTeam "Belgrade Itaka"]
[WhiteTeamCountry "SER"]
[BlackTeamCountry "SER"]

1. d4 Nf6 2. Nf3 g6 3. Nbd2 Bg7 4. e4 O-O 5. c3 d6 6. Bd3 e5 7. O-O Nh5 8. Re1
Nc6 9. dxe5 dxe5 10. Nc4 Nf4 11. Bf1 Qxd1 12. Rxd1 Bg4 13. Bxf4 exf4 14. a4
Rae8 15. h3 Bc8 16. Bd3 Be6 17. Ncd2 Rd8 18. Bc4 Rfe8 19. Bxe6 Rxe6 20. Kf1 a5
21. Nb3 Rxd1+ 22. Rxd1 Bf8 23. Nbd2 h6 24. Ke2 Bc5 25. Nb3 Bb6 26. Nfd2 f5 27.
f3 Kg7 28. Kd3 Ne5+ 29. Kc2 Rd6 30. exf5 gxf5 31. Re1 Be3 32. Re2 b6 33. Re1 c5
34. Re2 Kf6 35. Nf1 Bg1 36. Nbd2 Rd8 37. b3 Rd7 38. Nc4 Nxc4 39. bxc4 Rd8 40.
Nd2 Rg8 41. Nf1 Kg5 42. Kd1 Rg6 43. Kc2 Kh4 44. Kd3 h5 45. Kd2 Rd6+ 46. Kc2 Rg6
47. Kd3 Rg7 48. Kd2 Rd7+ 49. Kc2 Rd6 50. Kc1 Be3+ 51. Kc2 Rd8 52. Re1 1/2-1/2

[Event "SRB-Cup"]
[Site "Valjevo"]
[Date "2011.05.22"]
[Round "7.2"]
[White "Velimirovic, Dragoljub"]
[Black "Govedarica, Radovan"]
[Result "1-0"]
[WhiteElo "2410"]
[BlackElo "2398"]
[PlyCount "85"]
[EventDate "2011.05.16"]
[EventType "swiss ()"]
[EventRounds "7"]
[EventCountry "YUG"]
[Source "ChessBase"]
[SourceDate "2011.06.27"]
[WhiteTeam "Belgrade Itaka"]
[BlackTeam "Ivan Kurjacki"]
[WhiteTeamCountry "SER"]
[BlackTeamCountry "SER"]

1. e4 d6 2. d4 Nf6 3. Nc3 g6 4. f4 Bg7 5. Nf3 c5 6. dxc5 Qa5 7. Bd3 Qxc5 8. Qe2
O-O 9. Be3 Qa5 10. O-O Nc6 11. h3 Nb4 12. Qf2 Nxd3 13. cxd3 Bd7 14. Bd4 Bc6 15.
a3 Qa6 16. Qe3 b5 17. g4 e6 18. Ne2 Qb7 19. Ng3 a5 20. Rf2 b4 21. g5 Ne8 22.
axb4 axb4 23. Rxa8 Qxa8 24. Bxg7 Nxg7 25. Qd4 d5 26. e5 Bb5 27. Nh2 Rc8 28. Ng4
Rc1+ 29. Rf1 Qc8 30. Nh6+ Kh8 31. Nxf7+ Kg8 32. Nd6 Rxf1+ 33. Nxf1 Nf5 34. Qa7
Nxd6 35. exd6 Bxd3 36. d7 Qd8 37. Ne3 Bf5 38. Nxf5 gxf5 39. h4 Kf7 40. Kf2 e5
41. Qb7 Ke7 42. fxe5 Ke6 43. Qc6+ 1-0